000
00310nam a2200121Ia 4500
008
220216s9999 xx 000 0 und d
100
_a
Suryakumar S.
245
0
_a
Vadakkukizhakkan meghalayude valarcha urappakkya krishi
260
_b
Rubber
_c
2010
300
_a
31-34
700
_a
Gopinath M.N.
942
_c
JS
999
_c
72043
_d
72043